| 000 | 00562cam a2200229 4500 | ||
|---|---|---|---|
| 001 | B609 | ||
| 008 | 090401t1986 xxu||||| |||| 00| 0 eng d | ||
| 035 | _a(Sirsi) u36822 | ||
| 041 | _aeng | ||
| 050 | _a346.41043 | ||
| 100 | _aMaudsley, R.H. | ||
| 245 | _aMaudsley and Burn`s land law: cases and materials | ||
| 250 | _a5th ed. | ||
| 260 |
_aLondon _bButterworths _c1986 |
||
| 300 | _alxxxii,865p. ; 25cm. | ||
| 350 | _a0 | ||
| 520 | _aThis edition by E.H.Burn. | ||
| 650 | _aLAND SALES | ||
| 700 | _aBurn, E.H. | ||
| 942 | _n0 | ||
| 948 | _c04/03/1997 | ||
| 999 |
_c90387 _d90387 |
||